Statistics for Uncharted: Drake's Fortune Trivia

Click here to take the quiz!

General Stats

  • This quiz has been taken 110 times
  • The average score is 10 of 17

Answer Stats

QuestionAnswer% Correct
What year was Uncharted: Drake's Fortune released?2007
99%
Who's the main protaginist?Nathan Drake
99%
Who is the female reporter that the character above meets?Elena Fisher
91%
Who's the main protaginist's best friend/mentor?Victor Sullivan
91%
What platform was the game released on?PS3
85%
How many chapters are there?22
82%
What company published this game?Naughty Dog
81%
What are the characters all going after?El Dorado
71%
Who is the final boss?Atoq Navarro
58%
Who is the main villain?Gabriel Roman
56%
Who is hired by the people above?Eddy Raja
45%
What is the name of the last chapter?Showdown
33%
What is the name of the first chapter?Ambushed
31%
What are the names of the "zombies"?Descendants
22%
What is the first gun you get?PM-9mm
13%
Who directed this game?Amy Hennig
11%
Where is this game set?Indonesia
4%

Score Distribution

Percentile by Number Answered

Percent of People with Each Score

Your Score History

You have not taken this quiz